| 000 | 00467nam a2200181Ia 4500 | ||
|---|---|---|---|
| 005 | 20240913125903.0 | ||
| 008 | 240913s9999||||xx |||||||||||||| ||und|| | ||
| 041 | _aENGLISH | ||
| 082 | _A616.120754 Q2 | ||
| 100 | _aAskari,Arman T | ||
| 245 | 0 | _aIntroductory Guide to Cardiac Catheterization | |
| 250 | _a2nd | ||
| 260 |
_c2012 _bWolters K |
||
| 500 | _aREFERENCE | ||
| 650 |
_aCardiac Care Technology _bAllied Health Science |
||
| 942 | _cREF | ||
| 999 |
_c246478 _d246478 |
||